000
00352nam a2200145Ia 4500
008
230312s9999||||xx |||||||||||||| ||und||
020
_a
9789696520917
082
_a
891.4
_b
FAR-T
100
_a
فرخ سہیل گوئنری
245
0
_a
ترکی ہی ترکی
260
_b
Jamhori
_a
pak
_c
2017
300
_a
215
650
_a
Literature
942
_c
BK
999
_c
14887
_d
14887